|
|
|
|
| LEADER |
00979pam a22002658a 4500 |
| 001 |
00044943 |
| 005 |
20191017091007.0 |
| 008 |
161121s2013 ||||||Viesd |
| 020 |
# |
# |
|a 9786047749294
|c 96000
|
| 041 |
0 |
# |
|a Vie
|
| 082 |
1 |
4 |
|a 158.1
|b L462C
|
| 100 |
# |
# |
|a Haruhiko, Shiratori
|
| 245 |
0 |
0 |
|a Lời của Nietzsche cho người trẻ
|c Shiratori Haruhiko; Nguyễn Đỗ An Nhiên (dịch)
|n Tập 2
|p Tri thức, nghệ thuật, lối sống
|
| 260 |
# |
# |
|a Hà Nội
|b Công ty Văn hoá và Truyền thông Nhã Nam; Thế Giới
|c 2018
|
| 300 |
# |
# |
|a 265 tr.
|c 21 cm
|
| 653 |
# |
# |
|a Con người
|
| 653 |
# |
# |
|a Tình yêu
|
| 653 |
# |
# |
|a Tâm lí học ứng dụng
|
| 653 |
# |
# |
|a Thành công
|
| 653 |
# |
# |
|a Cuộc sống
|
| 700 |
# |
# |
|e Dịch
|
| 700 |
# |
# |
|a Nguyễn, Đỗ An Nhiên
|
| 852 |
# |
# |
|j KD.0026354
|
| 910 |
0 |
# |
|d 17/10/2019
|
| 980 |
# |
# |
|a Trung tâm Học liệu Lê Vũ Hùng, Trường Đại học Đồng Tháp
|